<?xml version="1.0" encoding="UTF-8"?><?xml-stylesheet type="text/xsl" href="static/style.xsl"?><OAI-PMH xmlns="http://www.openarchives.org/OAI/2.0/" xmlns:xsi="http://www.w3.org/2001/XMLSchema-instance" xsi:schemaLocation="http://www.openarchives.org/OAI/2.0/ http://www.openarchives.org/OAI/2.0/OAI-PMH.xsd"><responseDate>2026-04-14T07:29:32Z</responseDate><request verb="GetRecord" identifier="oai:www.recercat.cat:2117/175753" metadataPrefix="marc">https://recercat.cat/oai/request</request><GetRecord><record><header><identifier>oai:recercat.cat:2117/175753</identifier><datestamp>2025-07-22T22:00:49Z</datestamp><setSpec>com_2072_1033</setSpec><setSpec>col_2072_452951</setSpec></header><metadata><record xmlns="http://www.loc.gov/MARC21/slim" xmlns:dcterms="http://purl.org/dc/terms/" xmlns:xsi="http://www.w3.org/2001/XMLSchema-instance" xmlns:doc="http://www.lyncode.com/xoai" xsi:schemaLocation="http://www.loc.gov/MARC21/slim http://www.loc.gov/standards/marcxml/schema/MARC21slim.xsd">
   <leader>00925njm 22002777a 4500</leader>
   <datafield ind2=" " ind1=" " tag="042">
      <subfield code="a">dc</subfield>
   </datafield>
   <datafield ind2=" " ind1=" " tag="720">
      <subfield code="a">Guiteras Lanza, Ricard</subfield>
      <subfield code="e">author</subfield>
   </datafield>
   <datafield ind2=" " ind1=" " tag="260">
      <subfield code="c">2015-10-29</subfield>
   </datafield>
   <datafield ind2=" " ind1=" " tag="520">
      <subfield code="a">L’objectiu d’aquest projecte es crear un sistema per a la supervisió i configuració remota de variadors de freqüència. Aquest sistema es basa en un SCADA que ha de permetre la comunicació amb el variador i realitzar l’adquisició de dades de funcionament del variador i el motor que està connectat.També ha de possibilitar la visualització i configuració dels paràmetres del variador.A part , també s’ha volgut crear una interfície amb la que els estudiants puguin comprovar d’una forma pràctica els coneixements adquirits en diverses assignatures (màquines elèctriques, control de màquines..). Aquesta consisteix en una aplicació amb la que es poden observar, mitjançant gràfics, la resposta de diferents variables relacionades amb el control de motors asíncrons trifàsics; així com desar aquestes dades per poder ser analitzades posteriorment.La solució adaptada ha estat utilitzar el protocol Modbus RTU, ja que és el que porta per defecte el variador utilitzat. Per poder connectar el variador amb el SCADA via Ethernet s’utilitza un adaptador de Modbus RTU a Modbus TCP.</subfield>
   </datafield>
   <datafield tag="653" ind2=" " ind1=" ">
      <subfield code="a">Àrees temàtiques de la UPC::Enginyeria mecànica::Motors::Motors elèctrics</subfield>
   </datafield>
   <datafield tag="653" ind2=" " ind1=" ">
      <subfield code="a">Speed</subfield>
   </datafield>
   <datafield tag="653" ind2=" " ind1=" ">
      <subfield code="a">Electric motors</subfield>
   </datafield>
   <datafield tag="653" ind2=" " ind1=" ">
      <subfield code="a">Velocitat</subfield>
   </datafield>
   <datafield tag="653" ind2=" " ind1=" ">
      <subfield code="a">Motors elèctrics</subfield>
   </datafield>
   <datafield ind2="0" ind1="0" tag="245">
      <subfield code="a">Supervisió i configuració remota de variadors  de velocitat</subfield>
   </datafield>
</record></metadata></record></GetRecord></OAI-PMH>